Online
Catalog

Evolución de la política social dominicana : (Record no. 38853)

MARC details
000 -CABECERA
campo de control de longitud fija 01004nam a2200229 a 4500
001 - NÚMERO DE CONTROL
campo de control 000039363
005 - FECHA Y HORA DE LA ÚLTIMA TRANSACCIÓN
campo de control 20210629083419.0
008 - DATOS DE LONGITUD FIJA--INFORMACIÓN GENERAL
campo de control de longitud fija 130625s2004 dr 000 0 spa d
020 ## - NÚMERO INTERNACIONAL ESTÁNDAR DEL LIBRO
Número Internacional Estándar del Libro 9993477362
040 ## - FUENTE DE LA CATALOGACIÓN
Centro catalogador/agencia de origen DO-SdBNP
Lengua de catalogación spa
Centro/agencia transcriptor BNPHU
100 1# - ENTRADA PRINCIPAL--NOMBRE DE PERSONA
Nombre de persona Linares, Manuel
9 (RLIN) 53454
245 10 - MENCIÓN DE TÍTULO
Título Evolución de la política social dominicana :
Resto del título 1990-2000 /
Mención de responsabilidad, etc. sustentado por Manuel Linares.
260 ## - PUBLICACIÓN, DISTRIBUCIÓN, ETC.
Lugar de publicación, distribución, etc. Santo Domingo :
Nombre del editor, distribuidor, etc. Editora Universitaria,
Fecha de publicación, distribución, etc. 2004.
300 ## - DESCRIPCIÓN FÍSICA
Extensión 186 p. ;
Dimensiones 28 cm.
490 1# - MENCIÓN DE SERIE
Mención de serie Publicación de la Universidad Autónoma de Santo Domingo
Designación de volumen o secuencia 1193
490 1# - MENCIÓN DE SERIE
Mención de serie Economía y Sociedad
Designación de volumen o secuencia 18
500 ## - NOTA GENERAL
Nota general Incluye referencias bibliográficas y notas al pie de las páginas
502 ## - NOTA DE TESIS
Nota de tesis Trabajo académico (tesina) para obtener la suficiencia investigativa en el en el doctorado en economía "nuevos retos en la globalización
504 ## - NOTA DE BIBLIOGRAFÍA, ETC.
Nota de bibliografía, etc. Bibliografía : p.179-186
830 ## - PUNTO DE ACCESO ADICIONAL DE SERIE-TÍTULO UNIFORME
Título uniforme Publiacaciones de la Universidad Autónoma de Santo Domingo
Designación de volumen o secuencia 1193
9 (RLIN) 56533
830 #0 - PUNTO DE ACCESO ADICIONAL DE SERIE-TÍTULO UNIFORME
Título uniforme Economía y Sociedad
Designación de volumen o secuencia 18
9 (RLIN) 9447
Holdings
Estado de retiro Estado de pérdida No para préstamo Código de colección Localización permanente Ubicación/localización actual Ubicación en estantería Fecha de adquisición Número de inventario Total de préstamos Signatura topográfica completa Código de barras Fecha visto por última vez Precio válido a partir de Tipo de ítem Koha
    Excluido de préstamo Patrimonio Dominicano Patrimonio Dominicano Patrimonio Dominicano Depósito 25.06.2013 LF1   39363-10 25.06.2020 25.06.2020 Libro y Folleto Colección Patrimonio Dominicano

Powered by Koha